[Event "Bethune op-B 25th"]
[Site "Bethune"]
[Date "2004.12.27"]
[Round "3"]
[White "Werbrouck, Jean Michel"]
[Black "Michel, Franck"]
[Result "0-1"]
[WhiteElo "1430"]
[BlackElo "1670"]
[PlyCount "26"]
[EventDate "2004.12.26"]
[EventType "swiss"]
[EventRounds "7"]
[EventCountry "FRA"]
[SourceTitle "EXT 2006"]
[Source "ChessBase"]
[SourceDate "2005.11.24"]
[SourceVersion "1"]
[SourceVersionDate "2005.11.24"]
[SourceQuality "1"]

1. e4 e5 2. Nf3 Nc6 3. Bb5 Nf6 4. d3 d6 5. h3 Bd7 6. 0-0 a6 7. Bxc6 Bxc6 8. Bg5 Be7 9. Nbd2 h6 10. Be3 0-0 11. Nh4 Nxe4 12. Nxe4 Bxh4 13. Qg4 f5 0-1

[Event "Bethune op-B 24th"]
[Site "Bethune"]
[Date "2003.12.28"]
[Round "4"]
[White "Dubois, Philippe"]
[Black "Michel, Franck"]
[Result "1-0"]
[WhiteElo "1620"]
[BlackElo "1400"]
[PlyCount "65"]
[EventDate "2003.12.26"]
[EventType "swiss"]
[EventRounds "9"]
[EventCountry "FRA"]
[SourceTitle "EXT 2005"]
[Source "ChessBase"]
[SourceDate "2004.11.15"]
[SourceVersion "1"]
[SourceVersionDate "2004.11.15"]
[SourceQuality "1"]

1. e4 e5 2. Nf3 Nc6 3. Bb5 Nf6 4. 0-0 d6 5. h3 Be7 6. Re1 a6 7. Bxc6+ bxc6 8. d4 exd4 9. Nxd4 Bb7 10. Nf5 0-0 11. c4 Re8 12. Nc3 Qd7 13. Bg5 Bd8 14. Qf3 c5 15. Bxf6 Bxf6 16. Qg4 Kh8 17. Qf3 Re6 18. Rad1 Bxc3 19. Qxc3 Rg6 20. Ng3 Re8 21. e5 Qc6 22. Rd5 Qd7 23. Rd3 h5 24. h4 Qg4 25. exd6 Rxe1+ 26. Qxe1 cxd6 27. Qe8+ Kh7 28. Qxf7 Be4 29. Re3 Rf6 30. Qxh5+ Qxh5 31. Nxh5 Rf5 32. Ng3 Rf4 33. Rxe4 1-0